| 000 | 01080nam a22003377a 4500 | ||
|---|---|---|---|
| 001 | BR0805939 | ||
| 003 | BR-BrBNA | ||
| 005 | 20230928102714.0 | ||
| 007 | ta | ||
| 008 | 230509b bl.||||| |||| 00| 0 por d | ||
| 040 |
_aBR-BrBNA _bpor _cBiblioteca Nacional de Agricultura |
||
| 041 | _a(Por) | ||
| 072 | _aC20; E50 | ||
| 090 | _ C20 BR0805939 | ||
| 110 | 1 |
_aAssociação Riograndense de Empreendimentos de Assistência Técnica de Extensão Rural, Porto Alegre, RS (Brasil) _91019 |
|
| 110 | 1 |
_aAssociação Sulina de Crédito de Assistência Rural, Porto Alegre, RS (Brasil) _9761 |
|
| 245 | 1 | _aRelatório de atividades da EMATER/RS-ASCAR 2007 | |
| 260 | 3 |
_aPorto Alegre, RS (Brasil): _c2008. |
|
| 300 | _a93 p. | ||
| 650 | _aEXTENSÃO RURAL | ||
| 650 | _aASSISTÊNCIA TÉCNICA | ||
| 650 | _aSOCIOLOGIA RURAL | ||
| 650 | _aDESENVOLVIMENTO RURAL | ||
| 650 | _aPRODUÇÃO AGRÍCOLA | ||
| 650 | _aMEIO AMBIENTE | ||
| 650 | _aAGRICULTURA FAMILIAR | ||
| 650 | _aGESTÃO | ||
| 650 | _aRIO GRANDE DO SUL | ||
| 909 |
_a202309 _bLucia _c55 _dLucia Elande |
||
| 942 | _cBK | ||
| 999 |
_c72123 _d72123 |
||